000 00292nam a2200121 a 4500
008 100914s1974|||| d
245 1 0 _aSrdce v kameni
100 1 _aDevečková, Anna
260 _c1974
_aBratislava
_bSlovenský spisovateľ
020 _c13
044 _axo
_cSK
041 _aslo
999 _c10289
_d10289